Uma teoria retr̤ica da norma jurd̕ica e do direito subjetivo

Bibliographic Details
Main Author: Adeodato, Joô Maurc̕io
Format: eBook
Language:Portuguese
Published: San Pablo: Editora Noeses, 2014
Subjects:
Online Access:Acceso restringido

MARC

LEADER 00000nam a22000007a 4500
005 2021111607457.0
007 cr|||| ||||
008 211116s2014 br |||||s|||| 00||0 por d
020 |a 9000000053274 
035 |a 35419 
040 |a vLex 
090 |c 12658  |d 12658 
100 1 |a Adeodato, Joô Maurc̕io 
245 1 3 |a Uma teoria retr̤ica da norma jurd̕ica e do direito subjetivo  |h [Recurso electrn̤ico] /  |c Joô Maurc̕io Adeodato 
256 |a Servicio en ln̕ea 
260 |a San Pablo:  |b Editora Noeses,  |c 2014 
300 |a 1 recurso electrn̤ico 
500 |a Trata-se da construȯ̂ de uma teoria retr̤ica da norma jurd̕ica e do direito subjetivo. A obra destina-se a todos os interessada em filosofia e filosofia do direito, com n̊fase em hermenůtica e teoria da linguagem jurd̕ica em geral. Os estudiosos da dogmt̀ica tambm̌ acharô novos subsd̕ios para pensar soluė̳s de conflitos. 
506 1 |a Disponible solo en los productos indicados  |d vLex Global  |d vLex Global (Academic Edition, excluding Law Schools)  |d vLex Global (U.S. Academic Edition, Law Schools)  |d vLex Global (U.S. Academic Edition, excluding Law Schools)  |d vLex Global (Academic Edition, Law Schools) 
650 0 4 |a Filosofa̕ y religin̤  |z Brasil 
740 0 |a vLex Libros (Servicio en ln̕ea) 
856 4 0 |u https://app.vlex.com/#/sources/35419  |z Acceso restringido 
942 |c BOOK 
999 0 |a Philosophy and religion